000 00495nam a2200169 4500
001 135967
003 ES-MaACL
005 20230906195013.0
007 t|
008 070214s1911 fr r ||||1| fre d
100 1 _aRoux, Gabriel.
_9100107
245 1 0 _aPrécis de microbie et de technique bacterioscopique /
_cGabriel Roux, A. Rochais.
260 _aParis :
_bA. Maloine,
_c1911.
300 _aVIII, 606 p. :
_bil. ;
_c17 cm.
700 1 _aRochais, A.
_998056
852 _aES-MaACL
_jG-15343
999 _c135967
_d135967